00820nam a22002177a 450000500170000000800410001701000150005802000260007303500130009903700130011204000130012508200160013824501660015426000860032027000570040630000340046350000400049770000230053770000170056070000250057720120412144024.0120412t xxu||||| |||| 00| 0 eng d aENG-104975 a9788189487676c295.00 aEN-88508 bDBAD/PUB aDPLbEng a333.3095484 aSocio-economic surveys of three villages in Andhra Pradesh :ba study of Agrarian relations /cedited by V.K. Ramachandran, Vikas Rawal [and] Madhura Swaminathan aNew DelhibTulika Books in association with Foundation For Agrarian Studiesc2010 a35 A/1 (third floor), Shahpur JatbNew Delhie110049 axxii,230p. :bmapsc23cm(pbk) aIncludes bibliographical references aRamachandran, V.K. aRawal, Vikas aSwaminathan, Madhura